000
00316nam a2200145Ia 4500
005
20251222140105.0
008
251222s1900||||xx |||||||||||||| ||spa||
020
_a
8425421756
082
_a
184/R31P/Ej.2
100
_a
Reale, Giovanni
245
0
_a
Platón:
250
_a
2a.ed.
264
_b
Herder
942
_c
LIB
999
_c
4080
_d
4080